| 000 | 00667nam a2200253 a 4500 | ||
|---|---|---|---|
| 001 | adlib96000001 | ||
| 003 | ViArRB | ||
| 005 | 200902210153555.7 | ||
| 008 | 960221s1955 dcuabcdjdbkoqu001 0deng d | ||
| 020 | _a | ||
| 022 | _a | ||
| 040 | _aAdlib | ||
| 082 | _aFM PAR/TE | ||
| 245 | _aTerannetutta Kathakal | ||
| 250 | _a | ||
| 260 |
_aKottayam _bS P C S _c1968 |
||
| 300 |
_a405 p _c |
||
| 500 | _a | ||
| 100 |
_aParappurattu _e |
||
| 700 |
_a _a |
||
| 942 | _cBK | ||
| 653 |
_alila _aAlkuttam _aFM _aFiction - Malayalam Literature |
||
| 952 |
_w2010-06-19 _pH0002118 _r2012-11-30 _40 _00 _bUL _10 _oFM PAR/TE _d2010-06-19 _70 _yBK _s2012-11-17 _l2 _aUL |
||
| 999 |
_c66699 _d66698 |
||